00337nam a2200121 a 450000500170000000800410001702000180005805000250007624500210010126000500012244000280017265000150020020140412111412.0070215s19uu xx 00 eng d a0-86163-967-7 aM 629.133bFl59 1999 aFlying Machines. aLondon :bAwards Publications limited,c1999. aPicture the world of... aAirplaines